Kryptografická ochrana hesiel

Salvato in:
Dettagli Bibliografici
Autore principale: Baka, Tomáš (Autore)
Altri autori: Zajac, Pavol (Relatore della tesi)
Natura: Manoscritto Libro
Lingua:slovacco
Pubblicazione: 2017
Soggetti:
Accesso online:http://is.stuba.sk/zp/portal_zp.pl?podrobnosti=115965
Tags: Aggiungi Tag
Nessun Tag, puoi essere il primo ad aggiungerne!!

MARC

LEADER 00000ntm a22000003a 4500
001 stuzp60516
003 SK-STU
005 20170727130549.0
007 ta
008 150427s2015----xo-----f-mn---000-0-slo-d
040 |a STU  |b slo 
041 0 |a slo 
044 |a xo 
100 1 |a Baka, Tomáš  |u 035000  |4 aut  |U FEI Fakulta elektrotechniky a informatiky  |T FEI Ústav informatiky a matematiky  |X 74595  |U E050  |Y 816  |7 74595 
242 0 1 |a Password hashing  |y eng 
245 1 0 |a Kryptografická ochrana hesiel 
260 |c 2017 
300 |a 35 s., príl.,  |b CD-ROM 
650 4 |a hashovanie  |2 slo 
650 4 |a heslo  |2 slo 
650 4 |a kryptografia  |2 slo 
650 4 |a salt  |2 slo 
650 4 |a salt  |2 eng 
650 4 |a cryptography  |2 eng 
650 4 |a hashing  |2 eng 
650 4 |a password  |2 eng 
700 1 |a Zajac, Pavol  |u 035000  |k Z1  |4 ths  |U FEI Fakulta elektrotechniky a informatiky  |T FEI Ústav informatiky a matematiky  |X 10218  |U E050  |Y 816  |7 A000010218 
856 4 |u http://is.stuba.sk/zp/portal_zp.pl?podrobnosti=115965 
996 |b 284ER02486  |c E*Bc- 2486  |l EE35  |s P  |a 0  |w stuzp60516_0001